Formel 1 Fahrer 2021 - Statistiken

Allgemein
  • Dieses Quiz wurde 42 mal gespielt
  • Das Durchschnittsergebnis liegt bei 19 aus 21
Antwortstatistiken
Team Nation Nummer Fahrer % Korrekt
Ferrari Monaco 16 Charles Leclerc
100%
Mercedes Großbritannien 44 Lewis Hamilton
100%
Red Bull Niederlande 33 Max Verstappen
100%
Ferrari Spanien 55 Carlos Sainz jr.
98%
Alpine Spanien 14 Fernando Alonso
98%
Red Bull Mexiko 11 Sergio Perez
98%
Mercedes Finnland 77 Valtteri Bottas
98%
Aston Martin Kanada 18 Lance Stroll
95%
McLaren Großbritannien 4 Lando Norris
95%
Aston Martin Deutschland 5 Sebastian Vettel
95%
Haas Deutschland 47 Mick Schumacher
93%
Alpha Tauri Frankreich 10 Pierre Gasly
93%
Alpha Tauri Japan 22 Yuki Tsunoda
93%
McLaren Australien 3 Daniel Ricciardo
90%
Alpine Frankreich 31 Esteban Ocon
88%
Williams Großbritannien 63 George Russell
88%
Alfa Romeo Finnland 7 Kimi Räikkönen
85%
Alfa Romeo Polen 88 Robert Kubica
78%
Haas Russland 9 Nikita Mazepin
73%
Williams Kanada 6 Nicholas Latifi
65%
Alfa Romeo Italien 99 Antonio Giovinazzi
58%
Keine übereinstimmenden Quizze gefunden
Verteilung der Resultate
Anzahl Personen mit jedem Resultat
Perzentil nach korrekt beantworteten Fragen
Ihre Resultats-Entwicklung
Sie haben dieses Quiz noch nicht gespielt